000
00319nam a22001337a 4500
008
170504b xxu||||| |||| 00| 0 eng d
020
_a
9780130942012
041
_a
eng
080
_2
6 ED
_a
34
100
_a
13
101
_a
SHJ
245
_a
INTRODUCTION TO GOUNSELING AND GUIDANCE
_c
GIBSON.R.L
942
_2
udc
_c
BK
999
_c
12622
_d
12622